000 00339nam a2200133Ia 4500
008 231129s9999||||xx |||||||||||||| ||spa||
020 _a84-8280-779-X
040 _bspa
082 _aU813 C776p
100 _aCooper Fenimore
245 0 _aEl pirata rojo
264 _aOveja Negra
942 _2ddc
_cBKS
999 _c12079
_d12079